000 00708cam a22002411p 4500
001 000015484
005 20200929164044.0
008 771221t19821969sp a 000 0 spa
010 _a75406490
015 _aSp75-Jan
020 _a8471500094 :
_c350ptas
040 _aDO-SdBNP
_cDLC
_dDLC
082 _a155.26
_bV228e
100 1 _aVander, Adrian,
_d1896-
_934973
245 1 0 _aExpresión del rostro :
_bcomo conocer a las personas /
_cA. Vander.
250 _aEdición año 1982.
260 _aBarcelona :
_bLibrería Sintes,
_c1982.
300 _a222 p. :
_bill. ;
_c25 cm.
650 4 _aExpresión facial.
_934974
650 4 _aCara
_934975
910 _aCatalogación por copia / LC
049 _aBNGR
999 _c15040
_d15040